| 000 | 00467nam a2200157Ia 4500 | ||
|---|---|---|---|
| 008 | 160316s1986 xxu||||| |||| 00| 0 eng d | ||
| 082 |
_a16.000000 _bPAR |
||
| 100 | _aParekh Harsha | ||
| 245 | _aWomen's studies : An index to Indian periodical literature | ||
| 250 | _a | ||
| 260 |
_aBombay _bSNDT Women's University _c1986 |
||
| 300 |
_a40p _b20 cm _c |
||
| 365 | _bRs.1.50 | ||
| 650 | _a1.Women Studies - Index - Periodical Literature -1985 | ||
| 700 |
_aSheth Tara _a |
||
| 999 |
_c1598 _d1598 |
||